| 000 | 00461nam a2200157Ia 4500 | ||
|---|---|---|---|
| 003 | IN-BaIIA | ||
| 008 | 211028s9999 xx 000 0 eng d | ||
| 020 | _a0-330-02861-8 | ||
| 040 | _cIIA Library | ||
| 080 |
_a159.954 _bTOF |
||
| 100 |
_aToffler, Alvin _919033 |
||
| 245 | 0 |
_aFuture Shock _cAlvin Toffler |
|
| 260 |
_aEngland _bPenguin Books _c1970 |
||
| 650 | _aAstronomy and Astrophysics Thesaurus | ||
| 942 | _cBK | ||
| 999 |
_c11113 _d11113 |
||